ADVANCED PRACTICAL ORGANIC CHEMISTRY (Record no. 9524)
[ view plain ]
| 000 -LEADER | |
|---|---|
| fixed length control field | 01208nam a22001697a 4500 |
| 003 - CONTROL NUMBER IDENTIFIER | |
| control field | SGT |
| 020 ## - INTERNATIONAL STANDARD BOOK NUMBER | |
| International Standard Book Number | 9788125931287 |
| 082 ## - DEWEY DECIMAL CLASSIFICATION NUMBER | |
| Classification number | 547,VIS |
| 100 ## - MAIN ENTRY--PERSONAL NAME | |
| Personal name | VISHNOI K N |
| 245 ## - TITLE STATEMENT | |
| Title | ADVANCED PRACTICAL ORGANIC CHEMISTRY |
| 250 ## - EDITION STATEMENT | |
| Edition statement | 3RD |
| 260 ## - PUBLICATION, DISTRIBUTION, ETC. (IMPRINT) | |
| Place of publication, distribution, etc | NEW DELHI |
| Name of publisher, distributor, etc | VIKAS |
| Year of Publication | 2015 |
| 300 ## - PAGE DESCRIPTION | |
| No. of Pages | 536 |
| 650 ## - SUBJECT ADDED ENTRY--TOPICAL TERM | |
| Topical term or geographic name as entry element | ORGANIC CHEMISTRY |
| 653 ## - KEYWORDS--INDEX TERM | |
| Keyword term | • GENERAL EXPERIMENTAL TECHNIQUES • SEPARATION OF MIXTURES • PRELIMINARY INVESTIGATIONS • DETECTION OF ELEMENTS • COMPOUNDS CONTAINING C AND H WITH OR WITHOUT O • COMPOUNDS CONTAINING S, C, H WITH OR WITHOUT O • COMPOUNDS CONTAINING N, C, H WITH OR WITHOUT O • COMPOUNDS CONTAINING HALOGEN (CL, BR OR I) C, H, WITH OR WITHOUT O • COMPOUNDS CONTAINING S, HALOGEN (CL, BR) C, H WITH OR WITHOUT O • COMPOUNDS CONTAINING N, HALOGEN (CL, BR, I) C, H, WITH OR WITHOUT O • COMPOUNDS CONTAINING N, S, C, H WITH OR WITHOUT O • COMPOUNDS CONTAINING N, S, CL, C, H AND O • MISCELLANEOUS COMPOUNDS• SIMPLE PREPARATIONS • TWO STEP PREPARATIONS • THREE STEP PREPARATIONS • BIOCHEMICAL PREPARATIONS• ESTIMATION OF ELEMENTS • MOLECULAR WEIGHT OF ORGANIC COMPOUNDS • ESTIMATION OF GROUPS • MISCELLANEOUS ESTIMATIONS |
| 942 ## - ADDED ENTRY ELEMENTS (KOHA) | |
| Source of classification or shelving scheme | Dewey Decimal Classification |
| Koha item type | FPS Books |
| 942 ## - ADDED ENTRY ELEMENTS (KOHA) | |
| -- | 2 |
| Withdrawn status | Lost status | Source of classification or shelving scheme | Damaged status | Not for loan | Collection code | Home library | Current library | Shelving location | Date acquired | Vendor Name | Cost, normal purchase price | SGTU | Bill Number | Total Checkouts | Full call number | Accession No. (Barcode) | Date last seen | Date last borrowed | Bill Date | Koha item type |
|---|---|---|---|---|---|---|---|---|---|---|---|---|---|---|---|---|---|---|---|---|
| Dewey Decimal Classification | SCIENCE | SGT Science & Social Sciences Library | SGT Science & Social Sciences Library | Text Book | 07/07/2016 | KIRTI PRAKASHAN | 450.00 | SGTU | 2911 | 1 | 547,VIS | PS901 | 07/04/2023 | 31/08/2022 | 15/09/2015 | FPS Books | ||||
| Dewey Decimal Classification | Not For Loan | SCIENCE | SGT Science & Social Sciences Library | SGT Science & Social Sciences Library | Reference Book | 07/07/2016 | KIRTI PRAKASHAN | 450.00 | SGTU | 2911 | 1 | 547,VIS | PS902 | 29/11/2021 | 27/11/2021 | 15/09/2015 | FPS Books |